Most Republican States in the 2020 Presidential Election - Statistics

General Stats
  • This quiz has been taken 894 times
  • The average score is 9 of 10
Answer Stats
% State % Correct
62.0 Alabama
91%
65.1 North Dakota
89%
69.9 Wyoming
89%
61.8 South Dakota
88%
63.8 Idaho
86%
65.4 Oklahoma
86%
62.1 Kentucky
83%
60.7 Tennessee
82%
62.4 Arkansas
81%
68.6 West Virginia
78%
No matching quizzes found
Score Distribution
Percent of People with Each Score
Percentile by Number Answered
Your Score History
You have not taken this quiz